| 000 | 01015nam a22003257a 4500 | ||
|---|---|---|---|
| 001 | BR9801927 | ||
| 003 | BR-BrBNA | ||
| 005 | 20230928095904.0 | ||
| 007 | ta | ||
| 008 | 230509b bl.||||| |||| 00| 0 por d | ||
| 040 |
_aBR-BrBNA _bpor _cBiblioteca Nacional de Agricultura |
||
| 041 | _a(Eng) | ||
| 072 |
_aH60 _b0336 |
||
| 090 | _ 0336 BR9801927 | ||
| 100 | 1 | _aNoldin, J.A. | |
| 110 | 1 |
_aTexas A
M University (USA) _0Tese (Doctor of Philosophy) |
|
| 245 | 1 | _aCharacterization, seed longevity, and herbicide sensitivity of red rice (Oryza sativa L.)ecotypes, and red rice control in soybeans [Glycine max (L.)Merr.] | |
| 260 | 3 |
_aTexas (USA): _c1995. |
|
| 300 | _a218 p. | ||
| 500 | _aSummary (Eng); 54 tables; 17 illus.; Bibliography p. 203-217 | ||
| 650 | _aSoja | ||
| 650 | _aHerbicida | ||
| 650 | _aFitotoxicidade | ||
| 650 | _aSemente | ||
| 650 | _aDispersao de Semente | ||
| 650 | _aPoder Germinativo | ||
| 650 | _aArroz Vermelho | ||
| 909 |
_a202309 _bLucia _c55 _dLucia Elande |
||
| 942 | _cBK | ||
| 999 |
_c59238 _d59238 |
||